=LDR 00000nam 2200000 4500 =001 INLIS000000000019598 =005 20130612114635 =008 ***********************************Ind** =035 ##$$0010-061300000019598 =041 ##$$a Ind =082 ##$$a 621.3 =090 ##$$a 621.3, Sur d =100 ##$$a Suryanto, F =245 ##$$a Dasar-dasar teknik listrik, oleh Drs. F. Daryanto =260 ##$$a 2005 $b Jakarta =300 ##$$a ix, 277 hlm, ilus, 21 cm =650 ##$$a Teknik Listrik =850 ##$$a NBPNMAT